[Event "16th Izmailov Mem"]
[Site "Tomsk RUS"]
[Date "2012.08.14"]
[Round "8.14"]
[White "Tregubov,Al"]
[Black "Kovalev,Vit"]
[Result "1/2-1/2"]
[WhiteElo "2298"]
[BlackElo "2092"]

1.e4 c5 2.c3 Nf6 3.e5 Nd5 4.d4 cxd4 5.cxd4 d6 6.Nf3 Nc6 7.Bc4 Nb6 8.Bb5 dxe5
9.Nxe5 Bd7 10.Bxc6 Bxc6 11.O-O e6 12.Nc3 Be7 13.Qg4 O-O 14.Nxc6 bxc6 15.Bh6 Bf6
16.Rad1 Kh8 17.Bf4 Nd5 18.Be5 Nxc3 19.Bxf6 Ne2+ 20.Qxe2 Qxf6 21.Qa6 Rfc8
22.Rd2 Qg5 23.Rc2 Qd5 24.Rc4 Qb5 25.Qxb5 cxb5 26.Rc5 a6 27.f4 g6 28.Kf2 Rd8
29.Ke3 Rd6 30.g4 Rad8 31.Rd1 Kg7 32.h4 h6 33.Rd2 R8d7 34.Rc8 g5 35.hxg5 hxg5
36.fxg5 e5 37.d5 Rxd5 38.Rxd5 Rxd5 39.Rc6 a5 40.a3 a4 41.Rb6 e4 42.g6 f6
43.Kxe4 Rg5 44.Kf4 Kxg6 45.Rb8 Rc5  1/2-1/2

[Event "25th Panevezys Open"]
[Site "Panevezys LTU"]
[Date "2012.08.15"]
[Round "4.3"]
[White "Beliajeva,O"]
[Black "Marutkins,O"]
[Result "1/2-1/2"]
[WhiteElo "1952"]
[BlackElo "2021"]

1.e4 c5 2.c3 Nf6 3.e5 Nd5 4.Nf3 Nc6 5.Bc4 Nb6 6.Be2 e6 7.d4 cxd4 8.cxd4 d6
9.O-O dxe5 10.dxe5 Qxd1 11.Rxd1 Be7 12.Nc3 O-O 13.Be3 Nd7 14.Bf4 h6 15.Bb5 Ncb8
16.Ne4 a6 17.Be2 Nc6 18.h3 Nb4 19.Nd4 Nd5 20.Bg3 N7b6 21.Rac1 Bd7 22.Nc5 Rab8
23.Ndb3 Rfc8 24.Bf3 Rc7 25.Nxd7 Rxd7 26.Be4 Rbd8 27.f3 Bg5 28.Rb1 Be3+ 29.Bf2 Bf4
30.Nc5 Rc7 31.Nxe6 fxe6 32.Bxb6 Nxb6 33.Rxd8+ Kf7 34.Rb8 Nd5 35.Bxd5 exd5
36.Rd1 d4 37.Kf1 Be3 38.Rd8 Ke6 39.R8xd4 Bxd4 40.Rxd4 Kxe5 41.Re4+ Kf5 42.Kf2 b5
43.g4+ Kg5 44.Kg3 Kf6 45.Rd4 Ke7 46.h4 Rc2 47.Rb4 Kd6 48.g5 h5 49.Rb3 Rd2
50.Ra3 Rxb2 51.Rxa6+ Ke7 52.g6 Rb4 53.Rb6 Rb2 54.Kf4 Rxa2 55.Rxb5 Ra6 56.Kg5 Ke6
57.Kxh5 Kf6 58.Rg5 Ra4 59.Rb5 Ra8 60.f4 Rh8+ 61.Kg4 Kxg6 62.Rb6+ Kf7 63.Kg5 Ra8
64.Rb7+ Kg8 65.f5 Ra1 66.Rb4 Kf7 67.Rb7+ Kg8 68.Kh5 Rg1 69.Rb4 Kf7 70.Rg4 Rh1
71.Kg5 Rh2 72.Kf4 Rh1 73.Kg5  1/2-1/2

[Event "Stare Mesto Open 2012"]
[Site "Stare Mesto CZE"]
[Date "2012.08.15"]
[Round "7.2"]
[White "Kislinsky,A"]
[Black "Bernasek,J"]
[Result "1/2-1/2"]
[WhiteElo "2551"]
[BlackElo "2487"]

1.e4 c5 2.c3 Nf6 3.e5 Nd5 4.Bc4 Nb6 5.Bb3 c4 6.Bc2 Nc6 7.Nf3 d6 8.exd6 Qxd6
9.O-O Bg4 10.Na3 Qd5 11.Qe2 Bxf3 12.Qxf3  1/2-1/2

[Event "LBV Open A 2012"]
[Site "Roosendaal NED"]
[Date "2012.08.16"]
[Round "1.31"]
[White "Van den Berg,B"]
[Black "Dekker,Tobias"]
[Result "1-0"]
[WhiteElo "2249"]
[BlackElo "1985"]

1.e4 c5 2.c3 Nf6 3.e5 Nd5 4.d4 cxd4 5.Nf3 Nc6 6.Bc4 Nb6 7.Bb3 e6 8.cxd4 d6
9.O-O Be7 10.Nc3 O-O 11.Ne4 d5 12.Nc3 f6 13.Bc2 f5 14.Ne2 Nc4 15.a4 Qb6 16.b3 N4a5
17.h4 Bd7 18.Nf4 Rac8 19.Be3 Nb4 20.Bb1 Rc3 21.Nd2 Bxh4 22.Qh5 Be7 23.g4 Nc2
24.Rc1 Nxb3 25.Rxc2 Rxc2 26.Bxc2 Nxa1 27.Bd3 Be8 28.Qh3 Bg6 29.Nxd5 exd5
30.gxf5 Be8 31.f6 g6 32.fxe7 Rf7 33.Qc8 Qc6 34.Qd8 a6 35.Bg5 h5 36.e6 Rg7
37.Nf3 Kh7 38.Ne5 Qxa4 39.Nd7 Qd1+ 40.Kh2  1-0

[Event "14th Sants Open A"]
[Site "Barcelona ESP"]
[Date "2012.08.17"]
[Round "1.7"]
[White "Alonso Castillo,S"]
[Black "Aroshidze,L"]
[Result "0-1"]
[WhiteElo "2111"]
[BlackElo "2568"]

1.e4 c5 2.c3 Nf6 3.e5 Nd5 4.d4 cxd4 5.Qxd4 e6 6.Nf3 Nc6 7.Qe4 f5 8.Qe2 Qc7
9.g3 Nde7 10.Bf4 Ng6 11.Nbd2 Nce7 12.Bg5 Nd5 13.Bg2 h6 14.Be3 Nxe3 15.Qxe3 Be7
16.O-O O-O 17.Rfe1 a6 18.c4 Rb8 19.Rac1 b6 20.Nb3 Bb7 21.Red1 Bxf3 22.Qxf3 Nxe5
23.Qe2 Bc5 24.Nxc5 bxc5 25.b3 Ng4 26.Rd2 Nf6 27.Rcd1 Rb6 28.Re1 a5 29.Qe5 Qxe5
30.Rxe5 Rc8 31.Rd3 Kf7 32.h3 Rc7 33.Kf1 Ke7 34.Ke1 g6 35.Re2 a4 36.Kd1 Ra7
37.Rb2 Ne8 38.Kc2 a3 39.Rb1 Nc7 40.Rbd1 Na6 41.R3d2 Nb4+ 42.Kb1 Rb8 43.Re1 Rf8
44.f4 g5 45.Re5 Rc7 46.Re3 gxf4 47.gxf4 Rg8 48.Rf2 Rc6 49.Rd2 Rd6 50.Rxd6 Kxd6
51.Bf1 Rg1 52.Rf3 Ke7 53.Rf2 h5 54.Rf3 h4 55.Rf2 Kf6 56.Rf3 d6  0-1

[Event "2nd Metropolitan International"]
[Site "Los Angeles USA"]
[Date "2012.08.17"]
[Round "6"]
[White "Sevillano,E"]
[Black "Amanov,M"]
[Result "1-0"]
[WhiteElo "2526"]
[BlackElo "2516"]

1.e4 c5 2.c3 Nf6 3.e5 Nd5 4.Nf3 Nc6 5.d4 cxd4 6.cxd4 d6 7.Bc4 Nb6 8.Bb5 dxe5
9.Nxe5 Bd7 10.Bxc6 Bxc6 11.O-O Bd5 12.Nc3 g6 13.a4 a5 14.Qe2 Rc8 15.Qb5+ Bc6
16.Nxc6 bxc6 17.Qe5 f6 18.Qxa5 Kf7 19.Qa6 Bg7 20.a5 Nd5 21.Ne4 Qc7 22.Bd2 Rb8
23.Rac1 Rhc8 24.Rc2 Ra8 25.Qc4 f5 26.Ng5+ Kg8 27.Ne6 Qd6 28.Re1 Bf6 29.g3 Kh8
30.b4 Rcb8 31.Nc5 Qd8 32.Na6 Rc8 33.Re6 f4 34.Nc5 Qg8 35.b5 fxg3 36.fxg3 Nc7
37.b6 Nxe6 38.Nxe6 Rab8 39.Bf4 Rb7 40.Nc5  1-0

[Event "LBV Open A 2012"]
[Site "Roosendaal NED"]
[Date "2012.08.17"]
[Round "3.38"]
[White "Kuijpers,Pa"]
[Black "Mollema,Thomas"]
[Result "1/2-1/2"]
[WhiteElo "2071"]
[BlackElo "1947"]

1.e4 c5 2.c3 Nf6 3.e5 Nd5 4.g3 e6 5.Bg2 d6 6.exd6 Bxd6 7.Ne2 Nc6 8.O-O b6
9.d4 Bb7 10.c4 Nde7 11.d5 exd5 12.cxd5 Nb4 13.Nbc3 Be5 14.Bf4 Bxc3 15.Nxc3 Nbxd5
16.Nxd5 Bxd5 17.Qa4+ Qd7 18.Qxd7+ Kxd7 19.Rad1 Kc6 20.Rfe1 Bxg2 21.Rxe7 Bf3
22.Rd3 g5 23.Rc7+ Kb5 24.Rxf3 gxf4 25.Rxf4 Rhe8 26.Rf3 Re2 27.Rb3+ Kc4 28.Rxf7 Rd8
29.Rf4+ Rd4 30.Kf1 Rc2 31.Rxd4+ cxd4 32.g4 d3 33.Ke1 Re2+ 34.Kf1 Rc2  1/2-1/2

[Event "Stare Mesto Open 2012"]
[Site "Stare Mesto CZE"]
[Date "2012.08.17"]
[Round "9.2"]
[White "Kislinsky,A"]
[Black "Jasny,S"]
[Result "1-0"]
[WhiteElo "2551"]
[BlackElo "2308"]

1.e4 c5 2.c3 Nf6 3.e5 Nd5 4.Bc4 Nb6 5.Bb3 Nc6 6.Nf3 d5 7.exd6 Qxd6 8.O-O Be6
9.Bxe6 Qxe6 10.a4 Qd7 11.a5 Nd5 12.d4 cxd4 13.Nxd4 Nxd4 14.Qxd4 Nf6 15.Be3 e6
16.c4 Qxd4 17.Bxd4 Be7 18.a6 b6 19.Nc3 O-O 20.Rfd1 Rfc8 21.b3 Ne8 22.Nb5 Nc7
23.Nxc7 Rxc7 24.Be5 Rc5 25.Rd7 Rxe5 26.Rxe7 g5 27.Rb7 Re2 28.h3 Rb2 29.Rd1 Rxb3
30.Rdd7 Rf8 31.c5 Kg7 32.c6 Rc3 33.c7 Rc8 34.Rxa7 b5 35.Rb7 b4 36.a7 Ra8
37.Rxf7+ Kg6 38.Rd7 b3 39.Kh2 b2 40.Rxb2 Rxa7 41.c8=Q  1-0

[Event "87th ch-FRA 2012"]
[Site "Pau FRA"]
[Date "2012.08.18"]
[Round "6"]
[White "Hamdouchi,H"]
[Black "Bauer,Ch"]
[Result "1/2-1/2"]
[WhiteElo "2627"]
[BlackElo "2682"]

1.e4 c5 2.c3 Nf6 3.e5 Nd5 4.d4 cxd4 5.Qxd4 e6 6.Nf3 Nc6 7.Qe4 f5 8.exf6 Nxf6
9.Qh4 Be7 10.Bd3 O-O 11.Bg5 h6 12.Bxh6 gxh6 13.Qg3+ Kh8 14.Qg6 Bd6 15.Qxh6+ Kg8
16.Qg6+ Kh8 17.Qh6+ Kg8 18.Qg6+ Kh8  1/2-1/2

[Event "LBV Open A 2012"]
[Site "Roosendaal NED"]
[Date "2012.08.18"]
[Round "5.36"]
[White "Kuijpers,Pa"]
[Black "Haver,Daan"]
[Result "1-0"]
[WhiteElo "2071"]
[BlackElo "1977"]

1.e4 c5 2.c3 Nf6 3.e5 Nd5 4.g3 Nc6 5.Bg2 Nb6 6.Ne2 d5 7.exd6 e6 8.d4 cxd4
9.cxd4 Bxd6 10.Nbc3 O-O 11.O-O e5 12.d5 Ne7 13.a4 Bf5 14.a5 Nd7 15.Nb5 Nf6
16.b3 Bb4 17.d6 Nc6 18.a6 Qb6 19.axb7 Qxb7 20.Nxa7 Bd7 21.Be3 Ng4 22.Nxc6 Bxc6
23.Bxc6 Qxc6 24.Rxa8 Rxa8 25.Nd4 exd4 26.Qxg4 dxe3 27.Qxb4 exf2+ 28.Rxf2 Ra1+
29.Rf1 Rxf1+ 30.Kxf1 Qh1+ 31.Ke2 Qxh2+ 32.Kd1 Qh1+ 33.Kc2 Qg2+ 34.Qd2 Qxd2+
35.Kxd2 Kf8 36.Kd3 Ke8 37.Kd4 Kd7 38.Kc5 h5 39.b4 g5 40.b5 h4 41.gxh4 gxh4
42.b6 h3 43.b7 h2 44.b8=Q h1=Q 45.Qc7+ Ke6 46.Qe7+ Kf5 47.Qxf7+ Ke5 48.Qe8+ Kf6
49.Kb6 Qg1+ 50.Kb7 Qc5 51.Qc6 Qb4+ 52.Kc8 Qg4+ 53.d7+ Ke7 54.Qc5+ Kf7 55.Qd5+ Ke7
56.Qg5+  1-0

[Event "LBV Open A 2012"]
[Site "Roosendaal NED"]
[Date "2012.08.18"]
[Round "5.4"]
[White "Martens,M"]
[Black "Reinderman,D"]
[Result "1/2-1/2"]
[WhiteElo "2431"]
[BlackElo "2583"]

1.e4 c5 2.c3 Nf6 3.e5 Nd5 4.g3 d6 5.exd6 e6 6.Nf3 Bxd6 7.Bg2 O-O 8.O-O Nc6
9.Na3 b6 10.Nc4 Be7 11.d3 Bb7 12.a4 Qc7 13.Re1 Rfd8 14.Qe2 Bf8 15.h4 Re8
16.Bd2 Rad8 17.Rad1 f6 18.h5 Qd7 19.Bh3 Bc8 20.Nh4 Nb8 21.Ra1 Nc7 22.Bf4 Nba6
23.Red1 Nd5 24.Bd2 Bb7 25.Be1 Nb8 26.f4 Nc6 27.Bf2 Qf7 28.Bg2 f5 29.Bf3 Be7
30.Ng2 Bf6 31.Ne5 Qc7 32.Re1 Nxe5 33.fxe5 Bg5 34.d4 c4 35.Be3 Nxe3 36.Nxe3 Bxe3+
37.Qxe3 Rf8 38.Rf1 Rf7 39.Bxb7 Qxb7 40.Qf4 Rdf8 41.Rf2 h6 42.Rh2 Kh7 43.Re1 Qc6
44.Ra1 Rg8 45.Rh4 g5 46.hxg6+ Rxg6 47.Kf2 Rfg7 48.Rah1 Kg8 49.Rxh6 Qxa4 50.Rxg6 Qc2+
51.Ke3 Rxg6 52.Qh4 Kf7 53.Qh7+ Rg7 54.Qh4 Qd3+  1/2-1/2

[Event "21st Feffernitz Open"]
[Site "Feffernitz AUT"]
[Date "2012.08.19"]
[Round "2.8"]
[White "Arztmann,W"]
[Black "Ravnik,F"]
[Result "1-0"]
[WhiteElo "2154"]
[BlackElo "1900"]

1.e4 c5 2.c3 Nf6 3.e5 Nd5 4.Bc4 Nb6 5.Bb3 e6 6.Nf3 d5 7.d4 Nc6 8.O-O Be7
9.Bc2 h6 10.a3 a5 11.a4 Bd7 12.Na3 Na7 13.Ne1 Qc7 14.f4 Qc6 15.Nb1 O-O-O
16.b3 cxd4 17.cxd4 Kb8 18.Bd2 Bb4 19.Bxb4 axb4 20.Nd3 f5 21.Nxb4 Qc8 22.Bd3 Nc6
23.Nxc6+ Bxc6 24.Nc3 g5 25.Rc1 Qd7 26.a5 Na8 27.b4 Qg7 28.b5 Bd7 29.b6 gxf4
30.Ne2 Qg5 31.Nxf4 Rhg8 32.Qh5 Qe7 33.Rc5 Qh7 34.Qe2 Qe7 35.Bb5 Rc8 36.Rfc1 Rxc5
37.dxc5 Rc8 38.Bxd7 Qxd7 39.Nd3 Qa4 40.Qb2 Qe4 41.a6 Rg8 42.a7+ Kc8 43.Ne1 f4
44.Kh1 Qe3 45.Nf3 h5 46.Qc3 Qf2 47.Rg1 Rd8 48.Nd4 Re8 49.c6  1-0

[Event "EY Girls U18 2012"]
[Site "Prague CZE"]
[Date "2012.08.19"]
[Round "3.27"]
[White "Saffova,Michaela"]
[Black "Haitovich,A"]
[Result "0-1"]
[WhiteElo "1756"]
[BlackElo "1874"]

1.e4 c5 2.c3 Nf6 3.e5 Nd5 4.d4 cxd4 5.Nf3 g6 6.cxd4 Bg7 7.Bc4 Nb6 8.Bb3 d6
9.O-O O-O 10.Bf4 Nc6 11.h3 Bf5 12.Nc3 Nb4 13.exd6 exd6 14.Qd2 Qd7 15.a3 Na6
16.Kh2 h5 17.Rfe1 Nc7 18.Ng5 Ne6 19.Nxe6 Bxe6 20.Bxe6 fxe6 21.Bg3 d5 22.Qd3 Rf5
23.Qe3 e5 24.dxe5 d4 25.e6 Qe8 26.Qe4 dxc3 27.Qxb7 c2 28.Rac1 Rc5 29.b4 Rc6
30.Re2 Rac8 31.Qxa7 Bb2 32.Be5 Bxe5+ 33.Rxe5 Rxe6 34.Rc5 Rec6 35.R1xc2 Rxc5
36.Rxc5 Rxc5 37.bxc5 Qe5+ 38.Kg1 Qxc5 39.g3 Qd6 40.Qa6 Qc7 41.a4 Kg7 42.Qb5 Nc4
43.Qb4 Kf7 44.Qb3 Ke7 45.Qc2 Qc6 46.Qa2 Kd6 47.Qc2 Kc5 48.Kh2 Kb4 49.f3 Qd6
50.Qe4 Kc3 51.f4 Qd2+ 52.Qg2 Qd3 53.g4 h4 54.Qf2 Ne3 55.a5 Qd4 56.Kg1 Qd1+
57.Kh2 Qd4 58.Kg1 Kd3 59.Qxh4 Qa1+  0-1

[Event "EY Girls U18 2012"]
[Site "Prague CZE"]
[Date "2012.08.19"]
[Round "3.28"]
[White "Cormican,Ruth"]
[Black "Ljikar,Tamara"]
[Result "0-1"]
[WhiteElo "1654"]
[BlackElo "1821"]

1.e4 c5 2.c3 Nf6 3.e5 Nd5 4.d4 cxd4 5.Nf3 Nc6 6.cxd4 d6 7.Bc4 Nb6 8.Bb3 dxe5
9.d5 Na5 10.Nc3 Nxb3 11.Qxb3 e6 12.Nxe5 a6 13.O-O Bd6 14.Re1 O-O 15.Nf3 Qc7
16.Be3 Nc4 17.Rac1 b5 18.Red1 Qb8 19.Ne4 exd5 20.Rxd5 Be6 21.Rd4 Nd2 22.Qd1 Nxf3+
23.Qxf3 Bxh2+ 24.Kh1 Be5 25.Rd2 Rd8 26.Re2 Bxa2 27.Qh5 Bd5 28.Ng5 h6 29.Nf3 Bxf3
30.Qxf3 Qd6 31.Qe4 Qd1+ 32.Re1 Qh5+ 33.Kg1 Re8 34.Qc2 Qh2+ 35.Kf1 Qh1+ 36.Ke2 Qxg2
37.Rg1 Qd5 38.Kf1 Rac8 39.Qxc8 Rxc8 40.Rxc8+ Kh7 41.Rc5 Qd1+ 42.Kg2 Qg4+
43.Kf1 Qh3+ 44.Ke2 Bxb2 45.Rc6 a5 46.Rb1 Qg4+ 47.f3 Qg2+ 48.Kd3 Qxf3  0-1

[Event "Husek Vienna Open A"]
[Site "Vienna AUT"]
[Date "2012.08.19"]
[Round "7"]
[White "Michalczak,T"]
[Black "Algars,O"]
[Result "1-0"]
[WhiteElo "2364"]
[BlackElo "2094"]

1.e4 c5 2.c3 Nf6 3.e5 Nd5 4.Nf3 d6 5.d4 cxd4 6.Bc4 Nb6 7.Bb3 dxe5 8.Nxe5 e6
9.cxd4 Bb4+ 10.Nc3 Nd5 11.Qd3 Nxc3 12.bxc3 Bd6 13.Nf3 Qa5 14.O-O O-O 15.Ng5 Qf5
16.Qxf5 exf5 17.Re1 Bd7 18.a4 h6 19.Nf3 Nc6 20.a5 Rfe8 21.Rxe8+ Rxe8 22.Bd2 g5
23.Ba4 Re7 24.Kf1 f4 25.a6 b6 26.h3 Kf8 27.c4 Nb8 28.Bxd7 Rxd7 29.Ke2 Rc7
30.Kd3 Nc6 31.Rb1 Ke8 32.Bc3 Nb8  1-0

[Event "11th Lichtenberger Sommer 2012"]
[Site "Berlin GER"]
[Date "2012.08.20"]
[Round "3.12"]
[White "Dauth,B"]
[Black "Ruehrmund,D"]
[Result "1-0"]
[WhiteElo "2322"]
[BlackElo "2024"]

1.e4 c5 2.c3 Nf6 3.e5 Nd5 4.d4 cxd4 5.cxd4 e6 6.Nc3 Nxc3 7.bxc3 d6 8.f4 dxe5
9.fxe5 Qh4+ 10.g3 Qe4+ 11.Kf2 Be7 12.Bg2 Qf5+ 13.Nf3 Bd7 14.Rf1 Bc6 15.Kg1 Qg6
16.c4 O-O 17.d5 exd5 18.cxd5 Bb5 19.d6 Bd8 20.Re1 Bb6+ 21.Be3 Bxe3+ 22.Rxe3 Bc6
23.Qb3 Nd7 24.Nh4 Qe6 25.Bxc6 bxc6 26.Qxe6 fxe6 27.Nf3 c5 28.Rb1 Rab8 29.Rxb8 Rxb8
30.Ra3 Rb7 31.Kf2 h6 32.Ke3 g5 33.g4 Nb6 34.Kd3 Nd7 35.Ra6 Nb8 36.Ra5 Nd7
37.Kc3 Kf7 38.a3 Ke8 39.Kc4 Kd8 40.h3 Kc8 41.Ra6 Nb8 42.Ra4 Nd7 43.Ra5 Kd8
44.Kc3 Ke8 45.Kc2 Kd8 46.Ra6 Nb8 47.Ra4 Nd7 48.Re4 Rb6 49.Nd2 Kc8 50.Nc4 Rb8
51.Na5 Rb6 52.Re1 Ra6 53.Nc4 Nb6 54.Kb3 Nxc4 55.Kxc4 Rxa3 56.Rf1 Re3 57.Kb5 Re4
58.Rf8+ Kd7 59.Rf7+ Kd8 60.Kc6 Ke8 61.d7+  1-0

[Event "11th Lichtenberger Sommer 2012"]
[Site "Berlin GER"]
[Date "2012.08.20"]
[Round "3.3"]
[White "Rabiega,R"]
[Black "Rohde,W"]
[Result "1-0"]
[WhiteElo "2505"]
[BlackElo "2185"]

1.e4 c5 2.c3 Nf6 3.e5 Nd5 4.Nf3 Nc6 5.Bc4 Nb6 6.Bb3 d5 7.exd6 Bf5 8.d4 exd6
9.O-O Be7 10.d5 Na5 11.Ba4+ Nxa4 12.Qxa4+ Bd7 13.Qe4 O-O 14.Bf4 Re8 15.h3 Bb5
16.Re1 Bf6 17.Qc2 Rxe1+ 18.Nxe1 Qe7 19.Nd2 Re8 20.Nef3 Nc4 21.Re1 Qd8 22.Rxe8+ Qxe8
23.Ne4 Ne5 24.Nxf6+ gxf6 25.Bxe5 dxe5 26.Nd2 Qe7 27.Qe4 Bd7 28.Nc4 b5 29.Ne3 Qd6
30.b3 f5 31.Qh4 f6 32.c4 a6 33.Qh5 bxc4 34.bxc4 f4 35.Ng4 e4 36.Qh4 Bxg4
37.Qxg4+ Kf7 38.Qf5 Qe5 39.Qxe5 fxe5 40.g4  1-0

[Event "87th ch-FRA 2012"]
[Site "Pau FRA"]
[Date "2012.08.20"]
[Round "7"]
[White "Istratescu,A"]
[Black "Hamdouchi,H"]
[Result "1-0"]
[WhiteElo "2647"]
[BlackElo "2627"]

1.e4 c5 2.c3 Nf6 3.e5 Nd5 4.d4 cxd4 5.Nf3 Nc6 6.cxd4 d6 7.Bc4 dxe5 8.dxe5 Ndb4
9.Qxd8+ Nxd8 10.Na3 a6 11.Bd2 e6 12.O-O b5 13.Be2 Bb7 14.Rfc1 Be7 15.Nc2 Nd5
16.Ncd4 Kd7 17.a4 b4 18.Bc4 Rc8 19.a5 Bc5 20.Nb3 Ba7 21.Ng5 Nc6 22.Nxf7 Rhf8
23.Nd6 Bxf2+ 24.Kh1 Nxe5 25.Nxc8 Rxc8 26.Be2 Rf8 27.Rf1 Rf6 28.Rac1 Kd6 29.Bf3 Nxf3
30.Rxf2 Nxd2 31.Rxd2 Rf8 32.Nc5 Bc8 33.Kg1 Ke7 34.h3 h6 35.Rd4 Kd6 36.Ne4+ Ke5
37.Rdc4 Bd7 38.Nc5 Rf7 39.Re4+ Kd6 40.Nxa6 Rf8 41.Nxb4 Ra8 42.Ra1 Bb5 43.a6 Nf6
44.Ree1 Kc5 45.Nc2 Bc4 46.a7  1-0

[Event "EY Boys U14 2012"]
[Site "Prague CZE"]
[Date "2012.08.20"]
[Round "4.37"]
[White "Maslov,Ivan"]
[Black "Martins,Gu"]
[Result "1/2-1/2"]
[WhiteElo "1975"]
[BlackElo "1761"]

1.e4 c5 2.c3 Nf6 3.e5 Nd5 4.d4 cxd4 5.cxd4 e6 6.Nf3 d6 7.Bc4 Nc6 8.O-O Nb6
9.Bd3 dxe5 10.dxe5 Be7 11.Nc3 O-O 12.Be4 Nc4 13.Qc2 N4xe5 14.Bxh7+ Kh8 15.Nxe5 Nxe5
16.Qe2 Kxh7 17.Qxe5 Rh8 18.Rd1 Qb6 19.Be3 Qxb2 20.Rab1 Qc2 21.Ne4 f6 22.Qh5+ Kg8
23.Qe8+ Bf8 24.Nd6 Qc6 25.Qxc6 bxc6 26.Ne8 Bd7 27.Nc7 Rd8 28.Rd3 Rh5 29.g4 Ra5
30.Nxe6 Re8 31.Nxf8 Bxg4 32.Rc3 Rxf8 33.Rxc6 Rxa2 34.Rc7 Bf3 35.Rxa7 Rc2
36.h3 Re8 37.Ra3 f5 38.Rab3 Kh7 39.R3b2 Rc6 40.Rb6 Ree6 41.Rxc6 Rxc6 42.Rb6  1/2-1/2

[Event "EY Boys U18 2012"]
[Site "Prague CZE"]
[Date "2012.08.20"]
[Round "4.6"]
[White "Tomazini,Z"]
[Black "Moussard,J"]
[Result "0-1"]
[WhiteElo "2345"]
[BlackElo "2429"]

1.e4 c5 2.c3 Nf6 3.e5 Nd5 4.d4 Nc6 5.Nf3 cxd4 6.cxd4 d6 7.Bc4 dxe5 8.Nxe5 e6
9.O-O Be7 10.Nf3 O-O 11.Nc3 Nxc3 12.bxc3 b6 13.Re1 Bb7 14.Bd3 Rc8 15.Bd2 Qc7
16.Ne5 Nxe5 17.Rxe5 g6 18.Re1 Bd6 19.h4 Bh2+ 20.Kh1 Bf4 21.Rc1 Rfd8 22.Kg1 Bd5
23.Be3 Bxe3 24.Rxe3 Qe7 25.h5 Bxa2 26.Ba6 Rc7 27.c4 Qb4 28.Qf3 Rd5 29.Qf6 Qf8
30.Qf4 Qd8 31.hxg6 hxg6 32.Rh3 Rxd4 33.Qe5 f6 34.Qe2 Rd2 35.Qxe6+ Kg7 36.Qe3 g5
37.Qe4 Rd1+ 38.Rxd1 Qxd1+ 39.Kh2 Bb1 40.Qe8 Qd6+ 41.g3 Qc5 42.Kg1 Re7 43.Qh8+ Kf7
44.Qh5+ Bg6 45.Qd1 Qa5 46.Kh2 Qxa6 47.Qd5+ Kg7 48.Qd8 Qb7 49.Rh8 Bh7 50.Qf8+ Kg6
51.g4 Qe4 52.Qc8 a5 53.Rf8 a4 54.c5 bxc5 55.Qa6 Qf4+ 56.Kh3 Qf3+  0-1

[Event "27th Schwarzacher Open"]
[Site "Schwarzach AUT"]
[Date "2012.08.20"]
[Round "3.4"]
[White "Guido,F"]
[Black "Kunin,V"]
[Result "1/2-1/2"]
[WhiteElo "2409"]
[BlackElo "2494"]

1.e4 c5 2.c3 Nf6 3.e5 Nd5 4.d4 cxd4 5.Nf3 Nc6 6.cxd4 d6 7.Bc4 Nb6 8.Bb5 dxe5
9.Nxe5 Bd7 10.Nxd7 Qxd7 11.Nc3 e6 12.O-O Rd8 13.a4 a6 14.Bxc6 Qxc6 15.Bg5 Be7
16.Bxe7 Kxe7 17.Qg4 Kf8 18.Rac1 h5 19.Qh4 Qd7 20.Rfd1 Rh6 21.a5 Nd5 22.Nxd5 Qxd5
23.Rc5 Qd6 24.Rxh5 Rxh5 25.Qxh5 Kg8 26.Qg5 Qd5 27.Qxd5 Rxd5 28.b4 Rb5 29.Rb1 Rd5
30.Rd1 Rb5  1/2-1/2

[Event "21st Feffernitz Open"]
[Site "Feffernitz AUT"]
[Date "2012.08.21"]
[Round "4.8"]
[White "Arztmann,W"]
[Black "Kainz,J"]
[Result "1-0"]
[WhiteElo "2154"]
[BlackElo "1952"]

1.e4 c5 2.c3 Nf6 3.e5 Nd5 4.Nf3 d6 5.Bc4 e6 6.O-O Nc6 7.d4 cxd4 8.cxd4 Be7
9.exd6 Qxd6 10.Nc3 Nxc3 11.bxc3 O-O 12.Re1 Rd8 13.Ng5 h6 14.Ne4 Qc7 15.Bd3 b6
16.Qh5 Rd5 17.Qf3 f5 18.Ng3 Bd6 19.Nh5 Bd7 20.Nf4 Bxf4 21.Bxf4 Qc8 22.Qg3 Kf7
23.Bc4 Ra5 24.Bb3 g5 25.Bd2 f4 26.Qd3 Kg7 27.c4 Rf5 28.Bc3 Ne7 29.d5+ Kf7
30.Qd4 Rf6 31.Qxf6+  1-0

[Event "11th Lichtenberger Sommer 2012"]
[Site "Berlin GER"]
[Date "2012.08.22"]
[Round "5.4"]
[White "Meister,Jak"]
[Black "Colpe,M"]
[Result "1/2-1/2"]
[WhiteElo "2479"]
[BlackElo "2290"]

1.e4 c5 2.c3 Nf6 3.d3 d5 4.Nd2 e5 5.Ngf3 Nc6 6.a3 d4 7.cxd4 cxd4 8.Nc4 Nd7
9.Be2 b5 10.Ncd2 Bd6 11.Nf1 Nc5 12.Ng3 Be6 13.Nd2 g6 14.b3 h5 15.Rb1 h4 16.Ngf1 f6
17.h3 Qe7 18.Nh2 Qf7 19.O-O Ke7 20.Nhf3 a5 21.Ne1 Rag8 22.Kh1 g5 23.Bg4 Bxg4
24.Qxg4 Qe6 25.Qxe6+ Nxe6 26.Ndf3 Rb8 27.Nc2 b4 28.a4 Na7 29.Nd2 Nf4 30.Ne1 Ne2
31.Nc4 Bc7 32.Nf3 Nc6 33.Rb2 Nc3 34.Nh2 Nd8 35.Ng4 Ne6 36.f3 Nc5 37.Nf2 Ke6
38.Bd2 Rhc8 39.Ra1 Bd8 40.Kg1 Rb7 41.Kf1 Ra7 42.Ke1 Rb8 43.Bc1 Be7 44.Kd2 Kf7
45.Kc2 Ra6 46.Bd2 Kg6 47.Ng4 Bd6 48.Be1 Rh8 49.Bd2 Rb8 50.Rbb1 Nxb1 51.Rxb1 Rc8
52.Rh1 Ne6 53.Nf2 Rac6 54.Rg1 Rh8 55.Kb2 Be7 56.Rc1 Rc5 57.Ng4 Rhc8 58.Nf2 Bd8
59.Ng4 Bc7 60.Nf2 Bd8  1/2-1/2

[Event "EY Boys U18 2012"]
[Site "Prague CZE"]
[Date "2012.08.22"]
[Round "6.36"]
[White "Romanov,St"]
[Black "Tahaoglu,Ugur Barkin"]
[Result "1-0"]
[WhiteElo "2115"]
[BlackElo "1912"]

1.e4 c5 2.c3 Nf6 3.e5 Nd5 4.d4 cxd4 5.Nf3 Nc6 6.cxd4 d6 7.Bc4 Nb6 8.Bb5 dxe5
9.Nxe5 Bd7 10.Nxd7 Qxd7 11.Nc3 e6 12.O-O Be7 13.Qg4 O-O 14.Bxc6 bxc6 15.Bh6 Bf6
16.Rfd1 Kh8 17.Ne4 Qe7 18.Bg5 Bxg5 19.Qxg5 Qxg5 20.Nxg5 Kg8 21.Rac1 Rac8
22.Nf3 f6 23.b4 Rfd8 24.Kf1 Kf7 25.Rc5 Rd5 26.Rdc1 Rxc5 27.bxc5 Nd7 28.Rb1 Rb8
29.Rxb8 Nxb8 30.Ke2 Na6 31.a3 Kg6 32.Kd3 Kf5 33.Nd2 e5 34.Nc4 Ke6 35.f4 exf4
36.Nd6 f5 37.Nc8 Kd7 38.Nxa7 Kc7 39.d5 Nxc5+ 40.Kc4 Na4 41.Nxc6 Kd6 42.Nd4 g6
43.Nb5+ Ke5 44.d6 Ke6 45.Kb4 Nb2 46.a4 Kd7 47.a5 Nd3+ 48.Kc4 Ne5+ 49.Kc5 Nc6
50.a6 g5 51.a7 Nxa7 52.Nxa7 g4 53.Nc6  1-0

[Event "EY Boys U16 2012"]
[Site "Prague CZE"]
[Date "2012.08.22"]
[Round "6.10"]
[White "Bayramov,E"]
[Black "Harutyunian,T"]
[Result "0-1"]
[WhiteElo "2069"]
[BlackElo "2308"]

1.e4 c5 2.c3 Nf6 3.e5 Nd5 4.Nf3 e6 5.d4 cxd4 6.cxd4 d6 7.Nc3 Nc6 8.exd6 Bxd6
9.Bd3 h6 10.O-O O-O 11.Re1 Bd7 12.a3 Nxc3 13.bxc3 Rc8 14.Bb1 Ne7 15.Qd3 Ng6
16.Bd2 Re8 17.Qe4 f5 18.Qxb7 Rb8 19.Qa6 Bb5 20.Qxa7 Re7 21.Qxe7 Nxe7 22.Rxe6 Bc4
23.Re1 Rb2 24.a4 Qa5 25.h3 g5 26.Be3 Nd5 27.Bd2 Nf4 28.Re3 g4 29.Ne5 Rxd2
30.Nxc4 Qd5 31.Re8+ Kg7 32.Ne3 Rd1+  0-1

[Event "EY Boys U16 2012"]
[Site "Prague CZE"]
[Date "2012.08.22"]
[Round "6.23"]
[White "Tomici,S"]
[Black "Eggink,M"]
[Result "1/2-1/2"]
[WhiteElo "2177"]
[BlackElo "2013"]

1.e4 c5 2.c3 Nf6 3.e5 Nd5 4.Nf3 Nc6 5.Bc4 Nb6 6.Bb3 d5 7.exd6 Qxd6 8.d4 cxd4
9.cxd4 Be6 10.O-O Bxb3 11.Qxb3 e6 12.Nc3 Be7 13.Rd1 Rd8 14.Be3 O-O 15.a3 Na5
16.Qc2 Nac4 17.Bg5 f6 18.Bh4 Qc6 19.Re1 Rc8 20.Qb3 a5 21.Rad1 a4 22.Qa2 Rfe8
23.Bg3 Bf8 24.h3 Nxa3 25.bxa3 Qxc3 26.Rxe6 Qc4 27.Qxc4 Nxc4 28.Rxe8 Rxe8
29.d5 Rd8 30.d6 Nxd6 31.Rd4 b5 32.Rd5 Kf7 33.Nd4 Nb7 34.Rxd8 Nxd8 35.Nxb5 Nc6
36.Nc3 Bxa3 37.Nxa4 Nd4 38.Kf1 Bb4 39.Nb2 Nf5 40.Bf4 Bc3  1/2-1/2

[Event "EY Boys U14 2012"]
[Site "Prague CZE"]
[Date "2012.08.22"]
[Round "6.57"]
[White "Kavon,Rastislav"]
[Black "Lopez Popov,Ivan"]
[Result "1/2-1/2"]
[WhiteElo "1959"]
[BlackElo "1719"]

1.e4 c5 2.c3 Nf6 3.e5 Nd5 4.d4 cxd4 5.cxd4 Nc6 6.Bc4 e6 7.Nf3 d6 8.exd6 Bxd6
9.O-O O-O 10.Re1 Qc7 11.Bb3 Bd7 12.Nc3 Nxc3 13.bxc3 e5 14.h3 exd4 15.cxd4 h6
16.Bb2 Rae8 17.Rc1 Rxe1+ 18.Qxe1 Re8 19.Qc3 Qb6 20.Nd2 Na5 21.Nc4 Nxc4 22.Qxc4 Be6
23.d5 Bf5 24.Bd4 Qa5 25.Bc3 Qb6 26.Bd4 Qa5 27.Bc3 Qb6 28.Bd4  1/2-1/2

[Event "EY Boys U14 2012"]
[Site "Prague CZE"]
[Date "2012.08.23"]
[Round "7.15"]
[White "Tokranovs,Dmitrijs"]
[Black "Grigorian,Sp"]
[Result "1-0"]
[WhiteElo "2060"]
[BlackElo "2118"]

1.e4 c5 2.c3 Nf6 3.e5 Nd5 4.d4 cxd4 5.cxd4 d6 6.Nf3 Nc6 7.Bc4 e6 8.O-O Be7
9.Re1 O-O 10.Nc3 dxe5 11.Bxd5 exd5 12.Nxe5 Be6 13.Nxc6 bxc6 14.Be3 Bd6 15.Rc1 Qb8
16.Qh5 Qxb2 17.Re2 Qa3 18.Rec2 Rab8 19.Nb1 Qa4 20.Nc3 Qa5 21.Ne2 Ba3 22.Rf1 Qa4
23.Rd2 Bb4 24.Rdd1 Bd6 25.Bf4 Qa3 26.Bxd6 Qxd6 27.f4 g6 28.Qh6 Bf5 29.Ng3 Qd7
30.Rde1 Rfe8 31.Qg5 Bd3 32.Nh5 Rxe1 33.Rxe1 Qf5 34.Nf6+ Kh8 35.Qh4 h5 36.Re5 Qc8
37.Re8+ Qxe8 38.Nxe8 Rxe8 39.g4 Kg7 40.f5 Re4 41.h3 Rxd4 42.Qe7 Re4 43.f6+ Kh6
44.Qxf7 Re1+ 45.Kf2 Re2+ 46.Kf3 d4 47.Qf8+ Kg5 48.Qc5+ Kh4 49.Qxd4 Ba6 50.gxh5+ Kxh3
51.f7 Rg2 52.f8=Q Rg3+ 53.Kf2 g5 54.h6 c5 55.Qf5+ Kh2 56.Qde5  1-0